000 00744nam a2200229 a 4500
001 52434
003 BD-RjUL
005 20211209075815.0
008 160920s1972 bg ||||| |||| 00| 0 ben d
020 _c: Tk. 6.00
035 _a(BD-RjUL)52554
040 _aBD-RjUL
_bben
_cBD-RjUL
041 _aben
082 _223
_a891.441
_bRAA 1972
100 1 _aরশিদ, আ ন ম বজলুর.
_9156855
245 1 0 _aএকটি মরমী মন /
_cআ ন ম বজলুর রশিদ,
260 _aঢাকা :
_bবর্ণমিছিল,
_c১৯৭২
300 _a৯২ পৃ. ;
_c২৫ সেমি.
650 _aবাংলা কবিতা
_9156862
650 _aBengali poetry
_9156863
942 _2ddc
_cBK
999 _c52434
_d52434